Novo teatro di machine et edificii per uarie et sicure operationi. Co le loro figure tagliate in rame e la dichiaratione, e dimostratione di ciascuna. Opera necessaria ad architetti, et a quelli, ch di tale studio si dilettano (Record no. 114198)

MARC details
000 -LEADER
fixed length control field 00728cam a22001815a 4500
001 - CONTROL NUMBER
control field L156348
008 - FIXED-LENGTH DATA ELEMENTS--GENERAL INFORMATION
fixed length control field 120515s1623 xxk f 000 0 eng d
035 ## - SYSTEM CONTROL NUMBER
System control number (Sirsi) u156348
041 0# - LANGUAGE CODE
Language code of text/sound track or separate title eng
100 1# - MAIN ENTRY--PERSONAL NAME
Personal name Zonca, Vittorio
245 00 - TITLE STATEMENT
Title Novo teatro di machine et edificii per uarie et sicure operationi. Co le loro figure tagliate in rame e la dichiaratione, e dimostratione di ciascuna. Opera necessaria ad architetti, et a quelli, ch di tale studio si dilettano
Statement of responsibility, etc. di Vittorio Zonca ...
260 ## - PUBLICATION, DISTRIBUTION, ETC.
Place of publication, distribution, etc. Padoua
Name of publisher, distributor, etc. F. Bertelli
Date of publication, distribution, etc. 1623
300 ## - PHYSICAL DESCRIPTION
Extent 3 p., 115 p.
Other physical details illus., plates
Dimensions 29 cm.
583 ## - ACTION NOTE
Action Condition reviewed
Time/date of action 20120620
Status condition level 2
651 #4 - SUBJECT ADDED ENTRY--GEOGRAPHIC NAME
Geographic name International
690 ## - LOCAL SUBJECT ADDED ENTRY--TOPICAL TERM (OCLC, RLIN)
Topical term or geographic name as entry element Design and specification
942 ## - ADDED ENTRY ELEMENTS (KOHA)
Suppress in OPAC 0
Holdings
Withdrawn status Lost status Damaged status Not for loan Home library Current library Shelving location Date acquired Total Checkouts Full call number Barcode Date last seen Copy number Price effective from Koha item type
        Historic collection Historic collection Historic collection 15/05/2012   INTERNATIONAL QUARTO 1623 ZONCA 30076765 26/08/2025 1 06/08/2019 Book